000 00993nam a2200301 i 4500
001 70581
003 Mx-PuUPA
005 20230828115830.0
008 230825s2022 ilua fr 000 0 eng d
020 _a9780838948750
_qrústica
040 _aMx-PuUPA
_bspa
_cMx-PuUPA
_dMx-PuUPA
_erda
041 0 _aeng
100 1 _aZeng, Marcia Lei,
_d1956-
_914720
_eautor
245 1 0 _aMetadata /
_bMarcia Lei Zeng and Jian Qin
250 _aThird edition
264 1 _aChicago :
_bALA Neal-Schuman,
_c©2022
300 _axxvi, 613 páginas :
_bilustraciones, diagramas, tablas ;
_c26 cm
336 _2rdacontent
_atexto
_btxt
337 _2rdamedia
_asin medio
_bn
338 _2rdacarrier
_avolumen
_bnc
650 7 _2armarc
_aMetadatos bibliotecarios
700 1 _aQin, Jian,
_eautor
942 _2ddc
_cLI
_h025.3
_iZ54
999 _c70581
_d70581